00380nam a2200145Ia 4500003000900000005001700009008004100026040001300067040001300080041000800093245008400101260003300185300001000218490000600228IT-RoPAU20220918175634.0120407s9999 xx 000 0 und d aIT-RoPAU cIT-RoPAU aita aProntuario del capitalistabL'interesse a colpo d'occhio per qualsiasi capitale aMilanobCasa Editrice Bietti c19 cm v1